000 00560nam a22001815i 4500
001 164826
003 ES-MaACL
005 20250721193133.0
008 011114s1871 fr |||| | fre d
040 _aCCPB | B
_bspa
_cCCPB | B
100 1 _aLegrand du Saulle, Henri.
_9128854
245 1 3 _aLe délire des persécutions /
_cpar Legrand du Saulle.
260 _aParis :
_bHenri Plon,
_c1871.
300 _aIV, 524 p. ;
_c21 cm.
650 7 _aEnfermedades mentales
_2embne
_912263
852 _aES-MaACL
_jF-12518
_z-- Enc. pasta
999 _c164826
_d164826